000 00753nam a2200253 a 4500
008
020 _a0673398056 (hbk.)
049 _aMAIN
090 _aRT98.SPR
100 1 _aSpradley, Walton Barbara
245 1 0 _aCommunity health nursing: concepts and practice /
_cBarbara Walton Spradley.
260 _aGlenview, :
_bScott, Foresman,
_cc1990.
300 _a3rd ed.
300 _axx, 780p. :
_bill. ;25cm.
504 _aIncludes bibliographical references.
500 _aIncludes index.
650 _aPublic health nursing.
650 1 _aCommunity health nursing.
907 _a.b10188010
_b07-02-14
_c26-01-06
003
005 20230120203917.0
040 _cNUST
942 _cBOOKS
_kRT98.SPR
999 _c113715
_d113715